| 000 | 00728nam a2200217 a 4500 | ||
|---|---|---|---|
| 001 | 70273 | ||
| 003 | BD-RjUL | ||
| 005 | 20211209082000.0 | ||
| 008 | 170417s1960 enka 001 0 eng | ||
| 035 | _a(BD-RjUL)70487 | ||
| 040 |
_aDLC/ICU _cICU _dDLC _dBD-RjUL _beng |
||
| 041 | 1 | _aengrus | |
| 082 | 0 | 0 |
_223 _a512.2 _bLYA 1960 |
| 100 | 1 |
_aLi︠u︡barskiĭ, G. I︠A︡. _q(Grigoriĭ I︠A︡kovlevich) _9208113 |
|
| 245 | 1 | 4 |
_aThe application of group theory in physics / _cG. Ya Li︠u︡barskiĭ, Translated from the Russian by Stevan Dedijer. |
| 260 |
_aOxford, _aNew York : _bPergamon Press, _c1960. |
||
| 300 |
_a381 p. : _bill. ; _c23 cm. |
||
| 500 | _aIncludes index | ||
| 650 | 0 |
_aGroup theory. _9208114 |
|
| 942 |
_2ddc _cBK |
||
| 999 |
_c70273 _d70273 |
||